Statistics for World Map with 10 Extra Borders #2

Click here to take the quiz!

General Stats

  • This quiz has been taken 3,298 times
  • The average score is 9 of 10

Answers on the Map

Answers color-coded by a green-red scale on the quiz's map according to % correct below.
 

Answer Stats

Country% Correct
Brazil
99%
France
98%
Mongolia
97%
Yemen
89%
Madagascar
85%
South Korea
85%
Turkey
85%
Canada
82%
Mali
72%
New Zealand
64%

Score Distribution

Percentile by Number Answered

Percent of People with Each Score

Your Score History

You have not taken this quiz